| 000 | 00492nam a2200181 a 4500 | ||
|---|---|---|---|
| 001 | 3432 | ||
| 003 | CO-ViMGA | ||
| 008 | 141112s2004 ck r 000 u spa d | ||
| 040 |
_aCO-ViMGA _bspa _cCO-ViMGA |
||
| 082 | 0 | 4 | _a687.105 M675 |
| 100 | 1 |
_aMorley, Jacqueline _92037 |
|
| 245 | 1 | 0 |
_aEl vestido : _bropa de trabajo, de calle y de etiqueta |
| 260 |
_aMadrid : _bAnaya, _c1994 |
||
| 300 | _a48 p : il | ||
| 490 | _aA traves del tiempo, 8 | ||
| 650 | 1 | 4 | _aVESTIDO - HISTORIA |
| 942 |
_2ddc _cBK |
||
| 999 |
_c15480 _d15480 |
||